header

Bridging the early modern Atlantic world (Record no. 54204)

MARC details
000 -LEADER
fixed length control field 01347nam a2200325Ia 4500
245 00 - TITLE STATEMENT
Title Bridging the early modern Atlantic world
260 ## - PUBLICATION, DISTRIBUTION, ETC. (IMPRINT)
Place of publication Burlington, VT :
Name of publisher Ashgate Pub.,
Year of publication c2009.
300 ## - PHYSICAL DESCRIPTION
Number of Pages xiv, 261 p.
650 #0 - SUBJECT ADDED ENTRY--TOPICAL TERM
Topical Term History, Modern.
Topical Term Acculturation
Topical Term Culture conflict
700 1# - ADDED ENTRY--PERSONAL NAME
Personal name Williams, Caroline,
856 40 - ELECTRONIC LOCATION AND ACCESS
Uniform Resource Identifier http://site.ebrary.com/lib/rucke/Doc?id=10325917

No items available.

© 2026 Rongo University
Contact us: librarian | system librarian | Rongo university